000 01074nam a2200241 u 4500
001 000318381
003 AM-YeHGA
005 20250618072024.0
008 040316s1971 ai r 000 0 arm d
040 _aAM-YeHGA
041 0 _aarm
080 _a617.8
090 _aԴ-17
100 1 _aԴանիելյան, Էդուարդ Երվանդի,
_d1929-
_93277
245 1 0 _aՎերնամաշկի սնկագարություն և կարմրասնկագարություն :
_b(Էպիդերմոֆիտիա և ռուբրոֆիտիա) /
_cԷ.Ե. Դանիելյան; ՀՍՍՀ Առողջապահ. մինիստր. հանրապետ. Սանլուստուն.
260 _aԵրևան :
_bՀայաստան,
_c1971.
300 _a24 էջ :
_bնկ. ;
_c20 սմ.
650 1 4 _aԲժշկություն
650 1 4 _aՄաշկային հիվանդություններ
650 1 4 _aՍնկային վարակիչ հիվանդություններ
710 2 _aՀՍՍՀ Առողջապահության մինիստրության հանրապետական Սանլուստուն
090 _c119533
999 _c118185
_d118185